| 000 | 01301nac a22003371u 4500 | ||
|---|---|---|---|
| 003 | EG-ScBUE | ||
| 005 | 20221031120803.0 | ||
| 008 | 221031s2007 enkab f b 001 0 eng d | ||
| 020 | _a9780470057858 (pbk.) | ||
| 035 | _a(OCoLC)ocm76851479 | ||
| 040 |
_aEG-ScBUE _beng _erda _cEG-ScBUE _dEG-ScBUE |
||
| 082 | 0 | 4 |
_a721 _bFRA _222 |
| 100 | 1 |
_aFranck, Karen A., _eauthor. |
|
| 245 | 1 | 0 |
_aArchitecture from the inside out : _bfrom the body, the senses, the site, and the community / _cKaren A. Franck and R. Bianca Lepori. |
| 250 | _aSecond edition. | ||
| 264 | 1 |
_aChichester, England : _bWiley-Academy, _c2007. |
|
| 300 |
_a200 pages : _billustrations (chiefly color), maps ; _c23 cm |
||
| 336 |
_2rdacontent _atext _btxt |
||
| 337 |
_2rdamedia _aunmediated _bn |
||
| 338 |
_2rdacarrier _avolume _bnc |
||
| 500 | _aPrevious ed.: published as Architecture inside out. 2000. | ||
| 504 | _aIncludes bibliographical references and index. | ||
| 650 | 7 |
_aArchitectural design. _2BUEsh |
|
| 650 | 7 |
_aArchitectural design _xPhilosophy. _2BUEsh |
|
| 650 | 7 |
_aArchitectural practice. _2BUEsh _937735 |
|
| 653 | _bENGARC | ||
| 655 | _vReading book | ||
| 700 | 1 |
_aLepori, R. Bianca, _eauthor. |
|
| 856 | 4 | 1 |
_3Table of contents _uhttp://www.loc.gov/catdir/toc/fy0801/2007408556.html |
| 942 |
_cBB _2ddc |
||
| 999 |
_c8344 _d8344 |
||